Responses for Show #3219 - Thursday, September 10, 1998

David Bagley game 5.

Contestants

[<< previous game]

Megan Clouser, an environmental compliance specialist from Miami, Florida

Ed Gasparovic, a hospital comptroller from Latham, New York

David Bagley, an attorney from San Diego, California (whose 4-day cash winnings total $56,900)

[next game >>]

Jeopardy! Round responses

MUSEUMS
NAME THE YEAR
ELVES
OSCAR MOMENTS
LIKE AN ANIMAL
(Alex: We'll give you an adjective, you name the animal.)
SPACY BOOKS
    $100 1
Oslo

Megan
    $100 19
[Astronaut about to touch the Moon's surface]

1969

Megan
    $100 13
"Lord Of The Rings"

Ed
    $100 2
Sally Field

Ed
    $100 3
Horse

Ed
    $100 15
(Megan: What is 2000?)
...
(Alex: Our director has control of your TV sets, so we're taking a break!)

2001 (A Space Odyssey)

DavidMegan
    $200 10
The Prado

Ed
    $200 21
[The dropping of the atomic bomb on Nagasaki]
(Megan: What is 1944?)

1945

DavidMegan
    $200 14
(David: Who is Santa?)
(Alex: Be more specific.)
(David: Santa Claus.)
(Alex: No.)
...
(Alex: [After Megan's response] That's why we wanted you to be more specific, David.)

Saint Nicholas

DavidMegan
    $200 8
"The Addams Family"

Ed
    $200 4
Pig

David
    $200 20
Isaac Asimov

David
    $500 16
The British Museum

David
    $300 22
[Nancy and Ronald Reagan]

1984

Ed
    $300 9
(David: What is flashing?)
(Alex: Yeah, but the usual term is streaking.)

streaking across the stage

David
    $300 5
Fox

David
    $300 25
[The end-of-round signal sounds.]

Rocket

David
    $400 17
Union Pacific

Triple Stumper
    $400 23
[Nadia Comaneci]
(Alex: Less than a minute to go in the round.)

1976

Ed
    $400 11
James Cameron

Megan
    $400 6
Fish

Megan
    $500 18
(Ed: What is a pueblo?)

a hogan

Ed
Triple Stumper
    $500 24
[Mount St. Helens exploding]

1980

Megan
    $500 12
Sacheen Littlefeather

Triple Stumper
    $500 7
(David: What is a swan?)

eagle

David
Triple Stumper

Scores at the first commercial break (after clue 15):

David Ed Megan
$200 $700 $1,000

Scores at the end of the Jeopardy! Round:

David Ed Megan
$1,400 $900 $1,400

Double Jeopardy! Round responses

WORLD CAPITALS
FUN WITH OPERA
ARCHITECT TALK
SHOW ME THE MONET
AUTHORS' RHYME TIME
SPACEY MOVIES
    $200 1
(Megan: What is Jerusalem?)

Paris

DavidMegan
    $200 6
Calaveras County

Megan
    $200 21
Cross-shaped

David
    $200 17
Impressionism

Ed
    $200 7
Mailer's trailers

Ed
    $200 12
Jack Lemmon

Ed
    $400 2
Port-au-Prince

Ed
    $400 9
Hercules

David
    $400 23
Skylight

Ed
    $400 22
Claude

Ed
    $400 8
Buck's pucks

David
    $400 18
(Megan: What is The Usual Suspects?)

L.A. Confidential

Megan
Triple Stumper
    $500 3
Athens

Ed
    $600 10
Bridge

David
    $600 24
(Megan: What is an easement?)

casement

DavidMegan
    $600 25
Thames

Ed
    $600 13
Dahl's malls

Ed
    $600 19
Sharks

Megan
    $800 4
San Jose

David
    $800 11
Marionettes

Megan
    $1,500 26
Vaulted ceiling

Ed
    $800 28
Edouard Manet

Ed
    $800 14
Harte's tarts

David
    $800 20
"Outbreak"

Ed
    $1000 5
Seoul

David
    $1000 16
Antonin Dvorak

David
    $1000 27
(Alex: We have less than a minute to go, Ed.)

cornice

Triple Stumper
    $1000 29
Tuileries

Triple Stumper
    $1000 15
T.S.'s P.S.es

David
    $1000 30
Savannah

Megan

Scores at the end of the Double Jeopardy! Round:

David Ed Megan
$8,400 $7,500 $2,800

[wagering suggestions for these scores]

Final Jeopardy! Round responses

U.S. POLITICS
(Alex: Both of you committed the same mistake--you added the word "is". What a wild finish. We'll see you tomorrow!)
MeganWhat is ?
$0
EdWhat was Every Man Is A King?
$7,500
DavidWhat was Everyman Is A King?
$6,800
"Every man a king"

Final scores:

David Ed Megan
$1,600 $0 $2,800
2nd place: Trip to Stonefield Estate, St. Lucia, on Air Jamaica 3rd place: Direct TV Satellite System New champion: $2,800

Game dynamics:

Coryat scores:

David Ed Megan
$8,200 $6,900 $2,800
19 R
(including 1 DD),
2 W
19 R
(including 2 DDs),
1 W
10 R,
5 W

Combined Coryat: $17,900

[game clues] [game scores] [suggest correction]

Game tape date: 1998-07-14
The J! Archive is created by fans, for fans. Scraping, republication, monetization, and malicious use prohibited; this site may use cookies and collect identifying information. See terms. The Jeopardy! game show and all elements thereof, including but not limited to copyright and trademark thereto, are the property of Jeopardy Productions, Inc. and are protected under law. This website is not affiliated with, sponsored by, or operated by Jeopardy Productions, Inc. Join the discussion at JBoard.tv.